|
|
|
|
| LEADER |
02755nam a2200409 i 4500 |
| 001 |
32015 |
| 003 |
BD-DhAAL |
| 005 |
20171026162601.0 |
| 008 |
171026s2014 us bf 001 0 eng |
| 999 |
|
|
|c 38463
|d 38463
|
| 010 |
|
|
|a 2014010517
|
| 020 |
|
|
|a 9781118761557 (Paper)
|
| 020 |
|
|
|a 9781118761267(ebk)
|
| 020 |
|
|
|a 9781118761670 (ebk)
|
| 040 |
|
|
|a DLC
|b eng
|c DLC
|e rda
|d DLC
|d BD-DhAAL
|
| 050 |
0 |
0 |
|a LB1032
|b .B318 2014
|
| 082 |
0 |
0 |
|a 378.12
|2 23
|
| 100 |
1 |
|
|a Barkley, Elizabeth F.
|9 22645
|
| 245 |
1 |
0 |
|a Collaborative learning techniques :
|b a handbook for college faculty /
|c Elizabeth F. Barkley, Claire Howell Major, K. Patricia Cross.
|
| 250 |
|
|
|a Second edition.
|
| 260 |
|
|
|a USA :
|b John Wiley,
|c c2014.
|
| 300 |
|
|
|a xvii, 417 pages ;
|c 28 cm.
|
| 490 |
0 |
|
|a The Jossey-Bass Higher and Adult Education series
|
| 504 |
|
|
|a Includes bibliographical references and indexes.
|
| 505 |
0 |
|
|a Part 1. Establishing the context. Collaborative learning: coming to terms with the term -- The case for collaborative learning -- Part 2. Implementing collaborative learning. Designing the learning task -- Orienting students -- Forming groups -- Helping students facilitate group work -- Evaluating and grading group work -- Avoiding and resolving problems --Part 3. Collaborative Learning Techniques (CoLTs). Discussion CoLTs -- Reciprocal teaching CoLTs -- Problem solving CoLTs -- Graphic organizing CoLTs -- Writing CoLTs -- Game CoLTs.
|
| 526 |
|
|
|a PDC
|
| 541 |
|
|
|a Karim International
|e 32015, 32016, 32017, 32018
|
| 650 |
|
0 |
|a Team learning approach in education
|v Handbooks, manuals, etc.
|9 22646
|
| 650 |
|
0 |
|a College teaching
|v Handbooks, manuals, etc.
|9 22647
|
| 700 |
1 |
|
|a Major, Claire Howell.
|9 22648
|
| 700 |
1 |
|
|a Cross, K. Patricia
|q (Kathryn Patricia),
|d 1926-
|9 22649
|
| 776 |
0 |
8 |
|i Online version:
|a Barkley, Elizabeth F.
|t Collaborative learning techniques
|b Second edition.
|d San Francisco : Jossey-Bass & Pfeiffer Imprints, Wiley, [2014]
|z 9781118761267
|w (DLC) 2014029316
|
| 942 |
|
|
|2 ddc
|c BK
|
| 952 |
|
|
|0 0
|1 0
|2 ddc
|4 0
|6 378_120000000000000_BAR
|7 0
|9 61647
|a BRACUL
|b BRACUL
|c GEN
|d 2017-10-26
|e Karim Interrnational
|l 0
|o 378.12 BAR
|p 3010032015
|r 2017-10-26
|t 1
|w 2017-10-26
|y BK
|
| 952 |
|
|
|0 0
|1 0
|2 ddc
|4 0
|6 378_120000000000000_BAR
|7 0
|9 61648
|a BRACUL
|b BRACUL
|c GEN
|d 2017-10-26
|e Karim Interrnational
|l 1
|o 378.12 BAR
|p 3010032016
|r 2018-04-22
|s 2018-02-10
|t 2
|w 2017-10-26
|y BK
|
| 952 |
|
|
|0 0
|1 0
|2 ddc
|4 0
|6 378_120000000000000_BAR
|7 0
|9 61649
|a BRACUL
|b BRACUL
|c GEN
|d 2017-10-26
|e Karim Interrnational
|l 1
|m 30
|o 378.12 BAR
|p 3010032017
|r 2023-12-11
|s 2023-04-27
|t 3
|w 2017-10-26
|y BK
|
| 952 |
|
|
|0 0
|1 0
|2 ddc
|4 0
|6 378_120000000000000_BAR
|7 0
|9 61650
|a BRACUL
|b BRACUL
|c GEN
|d 2017-10-26
|e Karim Interrnational
|l 1
|o 378.12 BAR
|p 3010032018
|r 2018-09-23
|s 2018-06-30
|t 4
|w 2017-10-26
|y BK
|